Ася (Запис номер 506656)
[ съкратено ]
| 000 -Лидер | |
|---|---|
| Лидер | 00969aaa a2200289 a 4500 |
| 003 - Код на организацията, давaща контролен номер | |
| Код на организацията, даваща контролен номер | BLK |
| 005 - Дата и час на последна редакция | |
| Дата и час на последна редакция | 20240321110556.0 |
| 007 - Фиксирано поле за физическо описани | |
| Физическо описание | ta |
| 008 - Елементи от данни с фиксирана дължина | |
| Елементи с фиксирана дължина | 221104b bu |||||r|||| 00| | bu d |
| 040 ## - Източник на каталожния запис | |
| Код на библиотеката | BLK |
| 041 ## - Код за език | |
| Език | Български |
| Език за КДБФ | Български |
| 080 ## - УДК | |
| УДК текст | Българска литература(изследвания) |
| УДК код | 821.163.2.09 |
| УДК – код + определител | 821.163.2.09(092) |
| 080 ## - УДК | |
| УДК текст | Биографии - България |
| УДК код | 929(497.2) |
| УДК – код + определител | 929(497.2) |
| 100 1# - Редна дума - Автор | |
| R(LIN) | 84953 |
| Автор | Кръстева, Пламенка |
| 245 ## - Сведения за заглавието | |
| Заглавие | Ася |
| Авторска отговорност | Пл. Кръстева |
| 300 ## - Физическа характеристика | |
| Брой страници | № 73, 17 апр. 1991. |
| 520 ## - Забележка за наличие на резюме, анотация и т.н | |
| Анотация, рецензия | Разговор с младата поетеса Ася Великова. |
| 653 ## - Ключова дума – ненормативна | |
| 9 (RLIN) | 195878 |
| Ключови думи | русенци |
| 653 ## - Ключова дума – ненормативна | |
| 9 (RLIN) | 195865 |
| Ключови думи | русенски поети |
| 773 0# - Описание на основна библиографска единица при аналитични записи (многотомни) | |
| Контролен номер на записа | 292727 |
| Заглавие на източника | УТРО |
| Информация за връзката | . // |
| 856 ## - Електронен адрес и достъп | |
| Инструкция (цена за достъп) | 0.00 |
| Права за достъп | disable |
| 942 ## - АРТИКУЛИ | |
| Източник на класификационната схема | Universal Decimal Classification |
| Вид на библиотечния документ | Статия |
| Скрит в OPAC | Не |
| 944 ## - СЪЗДАВАНЕ И РЕДАКЦИЯ на ЗАПИСА | |
| Дата на регистрацията/редакция | Нора Радева |
| Служител, извършил регистрацията/редакцията | 30545 |
| Номер на служител | Нора Радева |
| Създаване/Редакция | |
| 999 ## - СИСТЕМНИ КОНТРОЛНИ НОМЕРА | |
| Koha biblionumber | 506656 |
| Koha biblioitemnumber | 506656 |
| 999 ## - СИСТЕМНИ КОНТРОЛНИ НОМЕРА | |
| Koha biblioitemnumber | 506654 |
| 999 ## - СИСТЕМНИ КОНТРОЛНИ НОМЕРА | |
| Koha biblioitemnumber | 506653 |
| 999 ## - СИСТЕМНИ КОНТРОЛНИ НОМЕРА | |
| Koha biblioitemnumber | 503951 |
Няма налични копия.